ACADEMIA súčasnosť a perspektívy vysokých škôl a vedy

Saved in:
Bibliographic Details
Format: Serial
Language:Slovak
Published: Bratislava Ústav informácií a prognóz školstva, mládeže a telovýchovy 2001
Subjects:
Tags: Add Tag
No Tags, Be the first to tag this record!

MARC

LEADER 00000nas2a2200000 4500
001 0006062
005 20160720111947.6
022 |a 1335-5864 
041 0 |a slo 
044 |a SK 
245 1 0 |a ACADEMIA  |b súčasnosť a perspektívy vysokých škôl a vedy 
264 1 |a Bratislava  |b Ústav informácií a prognóz školstva, mládeže a telovýchovy  |c 2001 
300 |a 1 zv. 
773 0 |w eu_un_cat*s121295 
610 2 0 |a školy vysoké